Lignes 82/82s RTM : bus marseillais - Statistiques

Statistiques générales
  • Ce quiz a été pris 3 fois
  • Le résultat moyen est 20 sur 28
Statistiques - réponses
Indice Arrêts Communs % Correct
©M1-M2-52 Gare St Charles
100%
Pharo Catalans
100%
©60-83 Capitainerie
100%
uniquement dans 1 sens Catalans
100%
©M2-T2-T3 Dames Schuman / Joliette
100%
©83 Fort St Nicolas
100%
©60-83 Hôtel de Ville
100%
©81-83 Le Pharo
100%
©M1-49-55-60-83 Métro Vieux Port
100%
©49-60-83 MuCEM St Jean
100%
uniquement ds 1 sens Place du 4 Septembre
100%
©35 Terrasses du Port
100%
©83 Théâtre La Criée
100%
©T2-T3-70 Euromed Arenc
67%
©M2-T2-T3 Dames République
67%
©35 Docks
67%
©49 Gare Maritime Internationale
67%
©49 Hangar J1
67%
©35 Le Silo
67%
©M2-31-32-70-89-97 Métro Jules Guesde
67%
©41-49-55-60-61-80-83 Place aux Huiles
67%
©60-83 Quai du Port
67%
Faculté
33%
©49 La Major
33%
uniquement ds 1 sens Lycée Colbert
33%
Arenc Mirabeau
0%
Nédelec Guesde
0%
Nédelec Leclerc
0%
Aucun quiz correspondant
Distribution des résultats
% des personnes avec chaque résultat
Percentile par nombre de réponses
Votre historique - résultats
Vous n’avez pas pris ce quiz